| 000 | 02800cam a22003974a 4500 | ||
|---|---|---|---|
| 999 |
_c353415 _d353415 |
||
| 001 | 14301095 | ||
| 003 | OSt | ||
| 005 | 20180116192406.0 | ||
| 008 | 060315s2006 mnua b s000 0 eng | ||
| 010 | _a 2006008722 | ||
| 020 | _a0816647569 (hc : alk. paper) | ||
| 020 | _a9780816647569 (hc : alk. paper) | ||
| 020 | _a0816647577 (pb : alk. paper) | ||
| 020 | _a9780816647576 (pb : alk. paper) | ||
| 035 | _a(OCoLC)ocm65064303 | ||
| 040 |
_aDLC _cDLC _dBAKER _dC#P _dYDXCP _dOCLCQ _dYUS _dBTCTA _dDLC |
||
| 042 | _apcc | ||
| 050 | 0 | 0 |
_aHT166 _b.U7433 2006 |
| 082 | 0 | 0 |
_a307.1216 _222 |
| 245 | 0 | 0 |
_aUrban planning today : _ba Harvard design magazine reader / _cintroduction by Alexander Garvin ; William S. Saunders, editor. |
| 260 |
_aMinneapolis : _bUniversity of Minnesota Press, _cc2006. |
||
| 300 |
_axx, 151 p. : _bill. ; _c23 cm. |
||
| 440 | 0 |
_aHarvard design magazine readers ; _v3 _983 |
|
| 500 | _a"These essays were previously published in Harvard Design Magazine, Harvard University Graduate School of Design; Peter G. Rowe, Dean, 1992-2004; Alan Altshuler, Dean, 2005-"--T.p. verso. | ||
| 504 | _aIncludes bibliographical references. | ||
| 505 | 0 | _aThe return of urban renewal: Dan Doctoroff's grand plans for New York City / Susan S. Fainstein -- Deadlock plus 50: on public housing in New York / Richard Plunz and Michael Sheridan -- Democracy takes command: the new community planning and the challenge to urban design / John Kaliski -- Can planning be a means to better architecture? Chicago's building boom and design quality / Lynn Becker -- An anatomy of civic ambition in Vancouver: toward humane density / Leonie Sandercock -- Paved with good intentions: Boston's central artery project and a failure of city building / Hubert Murray -- Public planning and private initiative: the South Boston waterfront / Matthew J. Kiefer -- Omaha by design-all of it: new prospects in urban planning and design / Jonathan Barnett -- Is eminent domain for economic development constitutional? / Jerold S. Kayden -- From new regionalism to the urban network: changing the paradigm of growth / Peter Calthorpe -- Design by deception: the politics of megaproject approval / Bent Flyvbjerg. | |
| 650 | 0 |
_aCity planning. _984 |
|
| 650 | 0 |
_aCity planning _vCase studies. _985 |
|
| 700 | 1 |
_aSaunders, William S. _986 |
|
| 856 | 4 | 1 |
_3Table of contents _uhttp://www.loc.gov/catdir/toc/ecip0610/2006008722.html |
| 856 | 4 | 2 |
_3Publisher description _uhttp://www.loc.gov/catdir/enhancements/fy0710/2006008722-d.html |
| 906 |
_a7 _bcbc _corignew _d1 _eecip _f20 _gy-gencatlg |
||
| 942 |
_2ddc _cBK |
||